000 01889cam a2200313 4500500
005 20250921012326.0
041 _afre
042 _adc
100 1 0 _aBenoit, Denis
_eauthor
245 0 0 _aPour une définition élargie de l'expression « communication persuasive »
260 _c2005.
500 _a8
520 _aRésuméEn l'absence, évidente à ce jour, de cadre d?explication intégrant la totalité des faits et actes de « communication persuasive », et compte tenu du schisme théorique qui oppose les divers modèles de « compréhension » de la question, l'efficacité pratique requiert que cette expression soit comprise comme formule générique. Et, ce faisant, référe à l'ensemble des effets de la communication, quelle que soit la façon dont on peut appréhender et concevoir ce dernier phénomène.
520 _aIn the absence, obvious to date, of framework of explanation integrating the globality of the facts and acts of « persuasive communication », and taking into account the theoretical schism which opposes the various models of « comprehension » of the question, the practical effectiveness requires that this expression becomes generic. And, consequently, refers to the whole of the effects of communication, whatever the way in which one can apprehend and conceive this last phenomenon.
690 _aconscience
690 _aintention
690 _amodèles théoriques
690 _aparticipation
690 _apersuasion
690 _atransmission
690 _aconscience
690 _aintention
690 _aparticipation
690 _apersuasion
690 _atheoretical models
690 _atransmission
786 0 _nMarketing & Communication | 5 | 1 | 2005-03-01 | p. 92-106 | 1779-3572
856 4 1 _uhttps://shs.cairn.info/revue-market-management-2005-1-page-92?lang=fr&redirect-ssocas=7080
999 _c1510122
_d1510122